| 000 | 01318nam a22003737a 4500 | ||
|---|---|---|---|
| 003 | CHAP | ||
| 005 | 20220817042357.0 | ||
| 008 | 971013s1976 r 00010 d | ||
| 010 | _a42810 | ||
| 011 | _a43782 | ||
| 035 | _a47919 | ||
| 040 | _cCHAP | ||
| 082 |
_a338.1 _bE84 |
||
| 100 | 0 | 0 |
_aEvenson, Robert E. _938981 |
| 245 | _aInvestigación agrícola y productividad | ||
| 260 |
_aMadrid : _bTecnos, _c1976 |
||
| 300 | _a174 h. | ||
| 490 | _aSerie Banco Mundial | ||
| 590 |
_aBATCH-UPD _b10 _c20130110 _lUCH01 _h0225 |
||
| 590 |
_aBATCH-UPD _b10 _c20130110 _lUCH01 _h1929 |
||
| 590 |
_aBATCH-UPD _b10 _c20130410 _lUCH01 _h1254 |
||
| 590 |
_aBATCH-UPD _b10 _c20130914 _lUCH01 _h1335 |
||
| 590 |
_aBATCH-UPD _b10 _c20140805 _lUCH01 _h1145 |
||
| 590 |
_aCONVERSION _b10 _c20130109 _lUCH01 _h1324 |
||
| 650 | 1 | 4 |
_aAgricultura _xAspectos económicos. |
| 650 | 1 | 4 |
_aAgricultura _xInvestigación. _91577 |
| 710 | 0 |
_aBanco Internacional de Reconstrucción y Fomento. _99848 |
|
| 830 | 0 |
_aSerie Banco Mundial _9104617 |
|
| 901 | _aBK | ||
| 942 | _cLIBRO | ||
| 949 |
_a338.1 E84 _bBC _cLIBRO _d-108743 _eLIBRO _fc.2 _gI. c/e _h63879 _i47919 _si _t120.00 |
||
| 949 |
_a338.1 E84 _bBC _cLIBRO _d33724000342796 _eLIBRO _gI. c/e _h61402 _i47919 _si _t120.00 |
||
| 949 |
_a338.1 E84 _bBC _cLIBRO _d33724000343729 _eLIBRO _fc.3 _h63878 _i47919 _si _t120.00 |
||
| 999 |
_c42810 _d42810 |
||